000 nam a22 7a 4500
999 _c49526
_d49526
003 OSt
005 20200121123939.0
008 200121b xxu||||| |||| 00| 0 eng d
040 _cIIMT UNIVERISTY MEERUT
_dSEROSOFT
_eENGLISH
100 _aGANDHIMATHI.G DR.
245 _aCURRENT TRENDS IN MEDICINAL CHEMISTRY-III
_cAUTHOR
_hENGLISH
260 _aS.VIKAS AND COMPANY
_bED.2020
300 _aPAPER BACK
_b198PP
700 _aDR.G.GANDHIMATHI
760 _bED.2020
856 _3PAPER BACK
887 _2TITEL
942 _2ddc
_c01
_h615.19GAN
_m615.19GAN